[Event "4th Lost Boys op"]
[Site "Antwerp BEL"]
[Date "1996.08.05"]
[Round "4.9"]
[White "Donk, Merlijn Silvester"]
[Black "Wells, Peter"]
[Result "1/2-1/2"]
[WhiteElo "2315"]
[BlackElo "2475"]
[EventDate "1996.08.02"]
[PlyCount "56"]

1.c4 e6 2.Nf3 Nf6 3.g3 a6 4.d4 b5 5.Bg2 bxc4 6.Ne5 d5 7.Nxc4 c5 8.O-O Nc6 
9.dxc5 Bxc5 10.Be3 Bxe3 11.Nxe3 Rb8 12.Nd2 O-O 13.Nb3 Na5 14.Nxa5 Qxa5 15.
b3 Bd7 16.Qd4 Rfc8 17.Bf3 Bb5 18.g4 h6 19.h4 Qc3 20.Qxc3 Rxc3 21.Rac1 Rbc8
22.Rxc3 Rxc3 23.Rd1 Nd7 24.Kf1 Ne5 25.Ke1 Nxf3+ 26.exf3 a5 27.Rd4 Rc1+ 28.
Rd1 Rc3 1/2-1/2

[Event "4th Lost Boys op"]
[Site "Antwerp BEL"]
[Date "1996.08.05"]
[Round "4.10"]
[White "Delemarre, Jop"]
[Black "Gurevich, Mikhail"]
[Result "1/2-1/2"]
[WhiteElo "2360"]
[BlackElo "2605"]
[EventDate "1996.08.02"]
[PlyCount "157"]

1.d4 Nf6 2.c4 e6 3.Nf3 b6 4.a3 Bb7 5.Nc3 d5 6.Bg5 Be7 7.Qa4+ c6 8.Bxf6 
Bxf6 9.cxd5 exd5 10.g3 O-O 11.Bg2 Nd7 12.O-O Be7 13.Rad1 f5 14.e3 Bd6 15.
Ne2 a5 16.Nf4 Qe7 17.Rfe1 b5 18.Qc2 a4 19.Nd3 Kh8 20.Rc1 Nb6 21.Nfe5 Nc4 
22.f4 g5 23.Kf2 Rg8 24.Nf3 h6 25.Nfe5 Rg7 26.Re2 Rf8 27.Kg1 Qe8 28.Rce1 
Bc8 29.Rf2 Be6 30.Bf3 g4 31.Bg2 h5 32.Rfe2 h4 33.Kf2 Rh7 34.Ra1 Kg7 35.
Ree1 Kf6 36.Rad1 Rfh8 37.Rh1 Rh6 38.Qc3 Kg7 39.Nc5 Bxc5 40.dxc5 Kg8 41.
Rhe1 R8h7 42.Nxc4 bxc4 43.Qa5 Rb7 44.Re2 h3 45.Bf1 Bf7 46.Qxa4 Rb3 47.Rc1 
Re6 48.Rc3 Rb5 49.Qc2 Re4 50.b4 cxb3 51.Rxb3 Rc4 52.Rc3 Rbxc5 53.Rxc4 dxc4
54.Rd2 c3 55.Rd4 Qe6 56.Be2 Kg7 57.Bd1 Kf6 58.Qd3 Qa2+ 59.Bc2 Be6 60.Rd8 
Kf7 61.e4 Rb5 62.Ke3 Qa1 63.Rd7+ Kg8 64.Rd8+ Kh7 65.Qd1 Qxa3 66.exf5 Qc5+ 
67.Qd4 Qxd4+ 68.Kxd4 Bxf5 69.Rd7+ Kg6 70.Rd6+ Kg7 71.Bxf5 Rxf5 72.Rxc6 Ra5
73.Rxc3 Ra2 74.Ke5 Rxh2 75.Kf5 Rg2 76.Rc7+ Kf8 77.Kxg4 h2 78.Rh7 Rf2 79.
Rh5 1/2-1/2

[Event "4th Lost Boys op"]
[Site "Antwerp BEL"]
[Date "1996.08.05"]
[Round "4.11"]
[White "Pira, Davoud"]
[Black "Ljubojevic, Ljubomir"]
[Result "0-1"]
[WhiteElo "2330"]
[BlackElo "2595"]
[EventDate "1996.08.02"]
[PlyCount "94"]

1.d4 Nf6 2.Nf3 g6 3.g3 c5 4.dxc5 Qa5+ 5.c3 Qxc5 6.Bg2 Bg7 7.O-O d6 8.h3 
Nc6 9.Nbd2 O-O 10.Nb3 Qb6 11.Be3 Qc7 12.Qc1 Bd7 13.Rd1 Rfc8 14.Bh6 Rab8 
15.Bxg7 Kxg7 16.Qe3 b5 17.Ng5 h6 18.Ne4 Nxe4 19.Qxe4 Ne5 20.Nd4 Qd8 21.h4 
Ng4 22.Bf3 Nf6 23.Qe3 b4 24.cxb4 Rxb4 25.Nb3 a5 26.Rd2 Rcb8 27.h5 gxh5 28.
Rd4 Qb6 29.Rad1 a4 30.Nc1 Rxd4 31.Rxd4 Qxb2 32.Kg2 Qb6 33.Qd2 Bc6 34.Qc3 
e5 35.Rc4 Bd7 36.Nd3 Bb5 37.Rc7 Qd4 38.Rxf7+ Kxf7 39.Qc7+ Bd7 40.Bxh5+ 
Nxh5 41.Qxd7+ Kf6 42.Qh7 Ng7 43.Qxh6+ Kf7 44.Qc1 Rh8 45.Qc7+ Kg6 46.Nf4+ 
exf4 47.Qd7 Qd5+ 0-1

[Event "4th Lost Boys op"]
[Site "Antwerp BEL"]
[Date "1996.08.05"]
[Round "4.12"]
[White "Vaganian, Rafael"]
[Black "Weemaes, Ronald"]
[Result "1-0"]
[WhiteElo "2595"]
[BlackElo "2355"]
[EventDate "1996.08.02"]
[PlyCount "89"]

1.Nf3 g6 2.e4 Bg7 3.d4 d6 4.c3 Nf6 5.Bd3 O-O 6.O-O Nc6 7.d5 Ne5 8.Nxe5 
dxe5 9.c4 e6 10.Bg5 h6 11.Bh4 exd5 12.cxd5 Qd6 13.Na3 Bd7 14.Nc4 Qe7 15.
Rc1 c6 16.dxc6 Bxc6 17.Na5 Rfd8 18.Nxc6 bxc6 19.Qf3 g5 20.Bg3 h5 21.h4 g4 
22.Qe3 Rd6 23.Bc2 Ne8 24.Rcd1 Rad8 25.Rxd6 Rxd6 26.Rd1 Rxd1+ 27.Bxd1 Bf6 
28.Qc3 Ng7 29.Ba4 c5 30.Bb3 Qd6 31.Bd5 Ne6 32.Qc4 Kg7 33.Kh2 Nf4 34.Bxf7 
Qe7 35.Bxf4 exf4 36.Bxh5 g3+ 37.fxg3 fxg3+ 38.Kh3 Bxh4 39.e5 Bg5 40.Qe4 
Qe6+ 41.Kxg3 Kh6 42.Be2 Qg6 43.Qxg6+ Kxg6 44.Kg4 Bc1 45.b3 1-0

[Event "4th Lost Boys op"]
[Site "Antwerp BEL"]
[Date "1996.08.05"]
[Round "4.13"]
[White "Shchekachev, Andrei"]
[Black "Overeem, Marc"]
[Result "1/2-1/2"]
[WhiteElo "2560"]
[BlackElo "2330"]
[EventDate "1996.08.02"]
[PlyCount "133"]

1.c4 e5 2.Nc3 Nf6 3.Nf3 Nc6 4.d4 exd4 5.Nxd4 Bb4 6.Bg5 h6 7.Bh4 Bxc3+ 8.
bxc3 Ne5 9.e3 Ng6 10.Bg3 Ne4 11.Qc2 Nxg3 12.hxg3 d6 13.f4 Qe7 14.Kf2 O-O 
15.Nf5 Bxf5 16.Qxf5 Rfe8 17.Re1 Qe4 18.g4 Nf8 19.Bd3 Qxf5 20.gxf5 Nd7 21.
Kf3 Nc5 22.Bc2 f6 23.g4 Re7 24.Rh2 Rae8 25.Rd2 a5 26.Rd5 Ra8 27.Rd4 Rae8 
28.Rdd1 Kf8 29.Rb1 Kg8 30.Rb5 b6 31.Rbb1 Ne4 32.Rbc1 Nd2+ 33.Kf2 Nxc4 34.
Ba4 Rb8 35.Bc6 Kf8 36.a4 Nd2 37.e4 Nb3 38.Rcd1 Nc5 39.g5 fxg5 40.fxg5 hxg5
41.Bd5 Ke8 42.Kf3 Kd7 43.e5 Rxe5 44.Rxe5 dxe5 45.Rg1 Kd6 46.Bc4 e4+ 47.Ke3
Ke5 48.Rxg5 Rh8 49.Rxg7 Rh3+ 50.Kd2 Kf4 51.Rxc7 Rh6 52.Bb5 Ke5 53.Rc8 Rh2+
54.Ke3 Rc2 55.Re8+ Kd6 56.Kd4 Ra2 57.Rc8 Nxa4 58.Rc6+ Ke7 59.Kxe4 Nc5+ 60.
Ke3 Rb2 61.Rxb6 a4 62.Kd4 Nb3+ 63.Ke5 a3 64.Re6+ Kf8 65.Kf6 Rf2 66.Kg6 
Rg2+ 67.Kf6 1/2-1/2

[Event "4th Lost Boys op"]
[Site "Antwerp BEL"]
[Date "1996.08.05"]
[Round "4.14"]
[White "Tulchinsky, Mikhail"]
[Black "Legky, Nikolai"]
[Result "0-1"]
[WhiteElo "2320"]
[BlackElo "2540"]
[EventDate "1996.08.02"]
[PlyCount "58"]

1.d4 e6 2.c4 Bb4+ 3.Nc3 c5 4.e3 Bxc3+ 5.bxc3 Ne7 6.Bd3 d6 7.f4 e5 8.fxe5 
dxe5 9.Nf3 Nd7 10.O-O Ng6 11.Bxg6 hxg6 12.dxe5 Qe7 13.e4 Nxe5 14.Nxe5 Qxe5
15.Bf4 Qxc3 16.Bd6 Bg4 17.Qd5 Qd4+ 18.Kh1 Qxd5 19.cxd5 c4 20.e5 Be2 21.Rf2
Bd3 22.e6 f6 23.Ba3 Rh5 24.d6 Re5 25.e7 Kd7 26.Kg1 b5 27.Bb2 Re6 28.a4 b4 
29.Bd4 Rxd6 0-1

[Event "4th Lost Boys op"]
[Site "Antwerp BEL"]
[Date "1996.08.05"]
[Round "4.15"]
[White "Nijboer, Friso"]
[Black "Wirschell, Taco"]
[Result "1-0"]
[WhiteElo "2525"]
[BlackElo "2325"]
[EventDate "1996.08.02"]
[PlyCount "53"]

1.e4 e6 2.d4 d5 3.Nc3 Bb4 4.e5 Ne7 5.a3 Bxc3+ 6.bxc3 c5 7.Qg4 Qc7 8.Qxg7 
Rg8 9.Qxh7 cxd4 10.Ne2 Nbc6 11.f4 dxc3 12.Nxc3 Nd4 13.Bb2 Qb6 14.O-O-O Bd7
15.Qd3 Ndf5 16.Nb5 O-O-O 17.g3 a6 18.Nd4 Kb8 19.Qb3 Qa7 20.Bh3 Rc8 21.Nxf5
exf5 22.Bd4 Qa8 23.Qb4 Rce8 24.Qd6+ Kc8 25.Bb6 Qb8 26.Qc5+ Bc6 27.Bg2 1-0

[Event "4th Lost Boys op"]
[Site "Antwerp BEL"]
[Date "1996.08.05"]
[Round "4.16"]
[White "Rotsagov, Mihhail"]
[Black "Jonkman, Harmen"]
[Result "1-0"]
[WhiteElo "2495"]
[BlackElo "2325"]
[EventDate "1996.08.02"]
[PlyCount "97"]

1.e4 e5 2.Nf3 Nc6 3.Bb5 f5 4.Nc3 Nf6 5.exf5 Bc5 6.O-O O-O 7.Nxe5 Nd4 8.Nf3
Nxf3+ 9.Qxf3 c6 10.Bd3 d5 11.b3 Nd7 12.Qg3 Qf6 13.Bb2 Bd4 14.b4 a5 15.a3 
axb4 16.axb4 Rxa1 17.Bxa1 Be5 18.f4 Bd4+ 19.Kh1 Nb6 20.Qg5 Bxf5 21.Qxf6 
Rxf6 22.Bxf5 Rxf5 23.Ne2 Bxa1 24.Rxa1 Rf8 25.d3 Re8 26.Nd4 Nc8 27.Kg1 Nd6 
28.Kf2 Kf7 29.Ra7 Kf6 30.g3 h6 31.Ra1 Nf5 32.Nxf5 Kxf5 33.Kf3 h5 34.h3 d4 
35.Ra5+ b5 36.g4+ Kf6 37.Ra6 Re3+ 38.Kf2 Re6 39.Kg3 hxg4 40.hxg4 g6 41.Kh4
Rd6 42.Ra7 g5+ 43.fxg5+ Kg6 44.Rc7 Re6 45.Rc8 Rd6 46.Rh8 Kg7 47.Rh6 Rd8 
48.Rxc6 Re8 49.Rc5 1-0

[Event "4th Lost Boys op"]
[Site "Antwerp BEL"]
[Date "1996.08.05"]
[Round "4.17"]
[White "Kuijf, Marinus"]
[Black "Docx, Stefan"]
[Result "1-0"]
[WhiteElo "2475"]
[BlackElo "2315"]
[EventDate "1996.08.02"]
[PlyCount "39"]

1.e4 e6 2.d4 d5 3.Nd2 dxe4 4.Nxe4 Bd7 5.Nf3 Bc6 6.Bd3 Nd7 7.O-O Ngf6 8.
Ned2 Be7 9.c4 O-O 10.Qc2 b6 11.b3 Bb7 12.Bb2 h6 13.Rad1 c5 14.Rfe1 Qc7 15.
d5 Rfd8 16.dxe6 fxe6 17.Rxe6 Nf8 18.Ree1 Bd6 19.Bxf6 gxf6 20.Be4 1-0

[Event "4th Lost Boys op"]
[Site "Antwerp BEL"]
[Date "1996.08.05"]
[Round "4.18"]
[White "David, Alberto"]
[Black "Roofthoofd, Marcel"]
[Result "1/2-1/2"]
[WhiteElo "2435"]
[BlackElo "2295"]
[EventDate "1996.08.02"]
[PlyCount "65"]

1.e4 Nf6 2.e5 Nd5 3.g3 d6 4.exd6 Qxd6 5.Bg2 Nc6 6.Nc3 Nxc3 7.bxc3 g6 8.Ne2
Bg7 9.O-O O-O 10.a4 Re8 11.d3 b6 12.a5 Rb8 13.axb6 axb6 14.Bf4 Qd7 15.Qb1 
Bb7 16.Qb5 e5 17.Be3 Qe6 18.Ra4 Na5 19.Bxb7 Nxb7 20.Ra7 c5 21.Rb1 Qg4 22.
Rxb7 Qxe2 23.Qd7 Qf3 24.Rxb8 Rxb8 25.Bxc5 h5 26.c4 e4 27.h4 Be5 28.Bd4 
Bxg3 29.dxe4 Bxh4 30.Qd5 Qg4+ 31.Kf1 Qh3+ 32.Kg1 Qg4+ 33.Kf1 1/2-1/2

[Event "4th Lost Boys op"]
[Site "Antwerp BEL"]
[Date "1996.08.05"]
[Round "4.19"]
[White "Van Beers, Eddy"]
[Black "Van Riemsdijk, Herman Claudius"]
[Result "0-1"]
[WhiteElo "2275"]
[BlackElo "2425"]
[EventDate "1996.08.02"]
[PlyCount "88"]

1.e4 e5 2.Nc3 Nf6 3.g3 c6 4.Bg2 d6 5.Nge2 b5 6.O-O Be7 7.h3 Nbd7 8.Kh2 Nb6
9.a3 Qc7 10.d3 a6 11.f4 c5 12.a4 b4 13.fxe5 dxe5 14.a5 Nbd7 15.Nd5 Nxd5 
16.exd5 Rb8 17.c4 bxc3 18.bxc3 O-O 19.c4 f5 20.Nc3 Bd6 21.Kh1 Nf6 22.Be3 
Bd7 23.Na4 f4 24.gxf4 exf4 25.Bd2 Be8 26.Bf3 Bg6 27.Bc3 Qd7 28.Kh2 Qf5 29.
d4 Ne4 30.dxc5 Nxc3 31.Nxc3 Rb2+ 32.Ne2 Bxc5 33.d6 Bf7 34.Qc1 Rc2 35.Bg4 
Qd3 36.Qd1 Rd2 37.d7 Bxc4 38.Qxd2 Qxd2 39.Rfd1 Qe3 40.d8=Q f3 41.Bxf3 Qxf3
42.Qd2 Qf2+ 43.Kh1 Bxe2 44.Qd5+ Kh8 0-1

[Event "4th Lost Boys op"]
[Site "Antwerp BEL"]
[Date "1996.08.05"]
[Round "4.20"]
[White "Polaczek, Richard"]
[Black "Van der Lijn, Bas"]
[Result "1-0"]
[WhiteElo "2420"]
[BlackElo "2190"]
[EventDate "1996.08.02"]
[PlyCount "109"]

1.d4 Nf6 2.Nf3 e6 3.g3 d5 4.c4 dxc4 5.Bg2 Nc6 6.O-O Rb8 7.e3 Bd7 8.Qe2 Bd6
9.Rd1 Qe7 10.e4 e5 11.d5 Na5 12.Bd2 b6 13.Na3 Nb7 14.Nxc4 Nc5 15.Nh4 Bg4 
16.f3 Bd7 17.b3 O-O 18.Bc3 b5 19.Na5 Rfe8 20.Nf5 Qf8 21.Nc6 Rb6 22.Ba5 
Bxf5 23.Bxb6 axb6 24.exf5 e4 25.Qxb5 h5 26.b4 exf3 27.Bxf3 Nce4 28.Re1 h4 
29.gxh4 Bxh2+ 30.Kxh2 Qd6+ 31.Kh1 Qg3 32.Bxe4 Nxe4 33.Qe2 Nf2+ 34.Qxf2 
Qxf2 35.Rxe8+ Kh7 36.Ne5 Qxf5 37.Re1 Qh3+ 38.Kg1 Qg3+ 39.Kf1 Qf4+ 40.Ke2 
Qe4+ 41.Kf2 Qxd5 42.Nf3 Qxa2+ 43.R1e2 Qb3 44.R8e7 Qc4 45.R2e4 Qc2+ 46.Kg3 
Kh6 47.Rg4 Qb3 48.Rxc7 g6 49.Rb7 Qe6 50.Rd4 Kh5 51.Rbd7 b5 52.R7d5+ Kh6 
53.Rxb5 f5 54.Rb7 g5 55.Rh7+ 1-0

[Event "4th Lost Boys op"]
[Site "Antwerp BEL"]
[Date "1996.08.05"]
[Round "4.21"]
[White "Tondivar, Babak"]
[Black "Blees, Albert"]
[Result "0-1"]
[WhiteElo "2305"]
[BlackElo "2415"]
[EventDate "1996.08.02"]
[PlyCount "68"]

1.e4 c5 2.Nf3 Nc6 3.d4 cxd4 4.Nxd4 Qc7 5.Nc3 e6 6.Be2 d6 7.O-O Nf6 8.Be3 
Be7 9.f4 O-O 10.Kh1 Bd7 11.Qe1 e5 12.Ndb5 Qb8 13.a4 a6 14.Na3 exf4 15.Bxf4
Ne5 16.Nc4 Qc7 17.Ne3 Be6 18.Nf5 Bxf5 19.exf5 Rfe8 20.Rd1 Qb6 21.Bc1 Rac8 
22.Bd3 Bf8 23.Qf2 Qc6 24.Bg5 d5 25.Bxf6 Ng4 26.Qh4 Nxf6 27.Rfe1 Qb6 28.
Rxe8 Rxe8 29.b3 h5 30.Rf1 Bc5 31.h3 Qc7 32.Qf4 Bd6 33.Qd4 Qa5 34.Nd1 Bb8 
0-1

[Event "4th Lost Boys op"]
[Site "Antwerp BEL"]
[Date "1996.08.05"]
[Round "4.22"]
[White "Maes, Wim"]
[Black "Lane, Gary"]
[Result "1-0"]
[WhiteElo "2205"]
[BlackElo "2405"]
[EventDate "1996.08.02"]
[PlyCount "93"]

1.Nf3 Nf6 2.b3 d6 3.d4 g6 4.Bb2 Bg7 5.g3 O-O 6.Bg2 Nc6 7.O-O Bd7 8.c4 a6 
9.Nc3 Rb8 10.a4 Na5 11.Qc2 c5 12.dxc5 dxc5 13.Rfd1 Qb6 14.Nd2 Nc6 15.Nd5 
Nxd5 16.Bxg7 Kxg7 17.cxd5 Nd4 18.Qb2 Kg8 19.e3 Nf5 20.Rdc1 Nd6 21.Rc2 Rbc8
22.Rac1 Rc7 23.e4 f6 24.Nc4 Nxc4 25.Rxc4 Rfc8 26.Qc2 a5 27.f4 Qd6 28.Re1 
e5 29.Qd2 b5 30.axb5 Bxb5 31.Rcc1 a4 32.bxa4 Bxa4 33.Bh3 Re8 34.Qa5 Bb3 
35.Qb5 Ra8 36.Qxb3 exf4 37.gxf4 Qxf4 38.Qg3 Qd2 39.Be6+ Kh8 40.Qg2 Qd4+ 
41.Qf2 Qe5 42.Rf1 Kg7 43.Qf4 Qd4+ 44.Rf2 Rca7 45.Rf1 Ra4 46.d6 R4a6 47.Bd5
1-0

[Event "4th Lost Boys op"]
[Site "Antwerp BEL"]
[Date "1996.08.05"]
[Round "4.23"]
[White "De Vreugt, Dennis"]
[Black "Visser, Yge"]
[Result "1/2-1/2"]
[WhiteElo "2265"]
[BlackElo "2395"]
[EventDate "1996.08.02"]
[PlyCount "86"]

1.e4 e6 2.d4 d5 3.Nc3 Nf6 4.Bg5 Be7 5.e5 Ne4 6.Nxe4 dxe4 7.Be3 c5 8.Bc4 
Nc6 9.c3 cxd4 10.cxd4 Qa5+ 11.Bd2 Bb4 12.Ne2 O-O 13.a3 Bxd2+ 14.Qxd2 Rd8 
15.Rd1 b6 16.Qxa5 Nxa5 17.Ba2 Ba6 18.Nc3 Nc6 19.Nxe4 Nxd4 20.Nd6 Nf5 21.
Nxf5 exf5 22.Rxd8+ Rxd8 23.g3 Rd4 24.f4 h5 25.Bb1 g6 26.Rg1 Bd3 27.Ba2 h4 
28.Kd2 Be4+ 29.Ke3 Rd3+ 30.Ke2 hxg3 31.Rxg3 Rxg3 32.hxg3 Kf8 33.Ke3 Ke7 
34.Kd4 f6 35.g4 g5 36.exf6+ Kxf6 37.fxg5+ Kxg5 38.gxf5 Kxf5 39.Bd5 Bc2 40.
Bc4 Be4 41.Bd5 Bb1 42.b4 Kf6 43.Bb3 Ke7 1/2-1/2

[Event "4th Lost Boys op"]
[Site "Antwerp BEL"]
[Date "1996.08.05"]
[Round "4.24"]
[White "Enklaar, Bertus"]
[Black "Valens, Vincent"]
[Result "1-0"]
[WhiteElo "2390"]
[BlackElo "2145"]
[EventDate "1996.08.02"]
[PlyCount "39"]

1.d4 f5 2.g3 Nf6 3.Bg2 g6 4.Nf3 Bg7 5.O-O O-O 6.c4 d6 7.Nc3 c6 8.b3 Ne4 9.
Bb2 c5 10.e3 Nxc3 11.Bxc3 Nc6 12.Rc1 cxd4 13.Nxd4 Qe8 14.Nb5 Qd7 15.Bxg7 
Kxg7 16.Qd2 Nd8 17.Nxa7 Nf7 18.Nxc8 Qxc8 19.a4 e5 20.Bd5 1-0

[Event "4th Lost Boys op"]
[Site "Antwerp BEL"]
[Date "1996.08.05"]
[Round "4"]
[White "Bosboom, Manuel"]
[Black "Bodicker, Robert"]
[Result "1-0"]
[WhiteElo "2410"]
[BlackElo "2260"]
[EventDate "1996.08.02"]
[PlyCount "107"]

1.d4 Nf6 2.c4 c6 3.Nc3 d5 4.Nf3 e6 5.Bg5 h6 6.Bh4 Nbd7 7.e3 Qa5 8.Nd2 Bb4 
9.Qc2 O-O 10.Be2 Re8 11.O-O Qc7 12.Rac1 a6 13.Rfd1 Qb8 14.Bg3 Bd6 15.Bxd6 
Qxd6 16.c5 Qe7 17.f4 b6 18.cxb6 Nxb6 19.Na4 Nxa4 20.Qxa4 Bd7 21.Rc5 Reb8 
22.b3 Qd8 23.Qa5 Rb6 24.Bd3 Be8 25.Qc3 Ng4 26.Nf1 f5 27.h3 Nf6 28.Nh2 Rb7 
29.Rc1 g5 30.Nf3 gxf4 31.exf4 Nh5 32.Qd2 Rg7 33.Kh2 Qf6 34.R1c3 Raa7 35.b4
Kh8 36.Qe3 Rg3 37.Qe5 Rag7 38.Bf1 Kh7 39.Qxf6 Nxf6 40.Nd2 Nh5 41.Rxg3 Rxg3
42.Nf3 Rg7 43.Ra5 Nxf4 44.Rxa6 Rb7 45.a3 Ng6 46.Ra8 Re7 47.a4 e5 48.dxe5 
Nxe5 49.Nxe5 Rxe5 50.a5 c5 51.bxc5 d4 52.a6 Bc6 53.Rc8 Be4 54.a7 1-0

[Event "4th Lost Boys op"]
[Site "Antwerp BEL"]
[Date "1996.08.05"]
[Round "4"]
[White "Eliet, Nicolas"]
[Black "De Jager, Jaap"]
[Result "1/2-1/2"]
[WhiteElo "2380"]
[BlackElo "2205"]
[EventDate "1996.08.02"]
[PlyCount "133"]

1.d4 d5 2.c4 c6 3.Nc3 Nf6 4.e3 g6 5.Nf3 Bg7 6.Bd3 O-O 7.O-O Bg4 8.h3 Bxf3 
9.Qxf3 dxc4 10.Bxc4 Nbd7 11.Rd1 e5 12.d5 e4 13.Nxe4 Ne5 14.Nxf6+ Bxf6 15.
Qe2 Nxc4 16.Qxc4 cxd5 17.Rxd5 Qb6 18.Rb5 Qd6 19.e4 Qd1+ 20.Qf1 Qc2 21.e5 
a6 22.Rxb7 Bxe5 23.Bh6 Rfb8 24.Rxb8+ Rxb8 25.Rc1 Qxb2 26.Qxa6 Rd8 27.Re1 
Bg7 28.Qa5 Rc8 29.Qa6 Rd8 30.Qd6 Ra8 31.Qc6 Rf8 32.Bxg7 Kxg7 33.a4 Rd8 34.
Qe4 Rd6 35.Qe5+ Qxe5 36.Rxe5 Rd1+ 37.Kh2 Ra1 38.a5 Ra3 39.Rb5 h6 40.g3 g5 
41.Kg2 f6 42.Rb7+ Kg6 43.Ra7 h5 44.a6 Kf5 45.Ra8 Ke4 46.a7 Kf5 47.Kf1 Ra2 
48.Ke1 Ra1+ 49.Ke2 Ra2+ 50.Ke3 Ra3+ 51.Kd2 Ra2+ 52.Kc3 Ra3+ 53.Kd4 Ra4+ 
54.Kd5 Ra5+ 55.Kd6 Ra1 56.Ke7 Ra6 57.Kf7 h4 58.Kg7 hxg3 59.fxg3 Ra4 60.Kh6
Ra6 61.Kh5 Ra2 62.h4 gxh4 63.gxh4 Ra4 64.Rb8 Rxa7 65.Rb5+ Ke6 66.Kg6 Ra1 
67.Rb6+ 1/2-1/2

[Event "4th Lost Boys op"]
[Site "Antwerp BEL"]
[Date "1996.08.05"]
[Round "4"]
[White "Tonoli, Jose"]
[Black "Dutreeuw, Marc"]
[Result "0-1"]
[WhiteElo "2200"]
[BlackElo "2390"]
[EventDate "1996.08.02"]
[PlyCount "126"]

1.e4 d5 2.exd5 Qxd5 3.Nc3 Qa5 4.d4 Nf6 5.Nf3 Bf5 6.Bd3 e6 7.O-O Be7 8.Re1 
Bxd3 9.Qxd3 c6 10.Bf4 O-O 11.a3 Rd8 12.b4 Qa6 13.Qxa6 Nxa6 14.Ne4 Nxe4 15.
Rxe4 Nb8 16.c3 Nd7 17.c4 Rdc8 18.Re2 a5 19.Rb1 axb4 20.axb4 Nb6 21.Rc2 Ra4
22.Bd2 Rca8 23.Kf1 Ra1 24.Rxa1 Rxa1+ 25.Ke2 h6 26.c5 Nc8 27.Bc3 Ra4 28.Ne5
Na7 29.Nc4 Nb5 30.Kd3 Bd8 31.Rb2 Ra1 32.Rc2 Ra8 33.Rc1 Bc7 34.g3 Rd8 35.f4
g5 36.fxg5 hxg5 37.Re1 Kg7 38.Bb2 Kg6 39.Re4 Rd5 40.Ne3 Rd8 41.Kc4 Re8 42.
Ng4 f5 43.Ne5+ Bxe5 44.Rxe5 Nc7 45.Bc1 Rf8 46.Kd3 Rh8 47.Re2 Kf6 48.d5 Rh3
49.d6 Nd5 50.Kc4 f4 51.Ra2 e5 52.b5 f3 53.bxc6 bxc6 54.Ra8 Ke6 55.Re8+ Kd7
56.Rxe5 f2 57.Rf5 Nf4 58.Kd4 f1=Q 59.Rf7+ Ke6 60.Re7+ Kf5 61.Bxf4 gxf4 62.
d7 Qd1+ 63.Kc3 Rxh2 0-1

[Event "4th Lost Boys op"]
[Site "Antwerp BEL"]
[Date "1996.08.06"]
[Round "5.3"]
[White "Lobron, Eric"]
[Black "Van Wely, Loek"]
[Result "0-1"]
[WhiteElo "2585"]
[BlackElo "2605"]
[EventDate "1996.08.02"]
[PlyCount "77"]

1.e4 c5 2.Nf3 d6 3.d4 cxd4 4.Nxd4 Nf6 5.Nc3 a6 6.Be2 e6 7.O-O Be7 8.f4 O-O
9.Kh1 Qc7 10.a4 Nc6 11.Be3 Re8 12.Bf3 Bd7 13.Nb3 b6 14.g4 Bc8 15.g5 Nd7 
16.Bg2 Bb7 17.Qh5 Nb4 18.Nd4 g6 19.Qh4 e5 20.fxe5 Nxe5 21.Rf2 Bf8 22.Raf1 
Bg7 23.Nf3 Re7 24.Nxe5 Bxe5 25.Bf4 Rf8 26.Bxe5 Rxe5 27.Qh6 Qe7 28.Rf6 Bxe4
29.Nxe4 Rxe4 30.Bxe4 Qxe4+ 31.Kg1 Nd5 32.Qh3 Nxf6 33.gxf6 h5 34.Qg3 Qxc2 
35.Qxd6 Qxb2 36.Rd1 Re8 37.Qe7 Rc8 38.Qd7 Qc3 39.Rd6 0-1

[Event "4th Lost Boys op"]
[Site "Antwerp BEL"]
[Date "1996.08.06"]
[Round "5.5"]
[White "Kuijf, Marinus"]
[Black "Vaganian, Rafael"]
[Result "1/2-1/2"]
[WhiteElo "2475"]
[BlackElo "2595"]
[EventDate "1996.08.02"]
[PlyCount "87"]

1.e4 e6 2.d4 d5 3.Nd2 c5 4.Ngf3 Nf6 5.exd5 exd5 6.Be2 Nc6 7.O-O Bd6 8.dxc5
Bxc5 9.Nb3 Bb6 10.Bg5 h6 11.Bh4 O-O 12.c3 Re8 13.Nbd4 g5 14.Bg3 Ne4 15.
Nxc6 bxc6 16.Nd4 c5 17.Nc2 c4 18.Nb4 Bb7 19.Kh1 d4 20.Bxc4 dxc3 21.Qh5 Qf6
22.f4 cxb2 23.fxg5 Nxg5 24.Rab1 Qg7 25.Nd5 Bxd5 26.Bxd5 Rad8 27.Bb3 Re7 
28.Bh4 Rd2 29.Bxg5 Qxg5 30.Bxf7+ Kg7 31.Qf3 Ree2 32.Bd5 Rf2 33.Qc3+ Kf8 
34.Qh8+ Ke7 35.Rfe1+ Kd6 36.Be4 Rfe2 37.Qf8+ Ke5 38.Bf3 Re3 39.Qe8+ Kf6 
40.Qf8+ Ke6 41.Qe8+ Kd6 42.Qf8+ Ke6 43.Qe8+ Kd6 44.Qe7+ 1/2-1/2

[Event "4th Lost Boys op"]
[Site "Antwerp BEL"]
[Date "1996.08.06"]
[Round "5.6"]
[White "Legky, Nikolai"]
[Black "Polaczek, Richard"]
[Result "1-0"]
[WhiteElo "2540"]
[BlackElo "2420"]
[EventDate "1996.08.02"]
[PlyCount "78"]

1.d4 Nf6 2.Nf3 e6 3.e3 b6 4.Bd3 Bb7 5.O-O c5 6.c4 Be7 7.Nc3 O-O 8.d5 exd5 
9.cxd5 Nxd5 10.Nxd5 Bxd5 11.Bxh7+ Kxh7 12.Qxd5 Nc6 13.b3 g6 14.Bb2 Bf6 15.
Bxf6 Qxf6 16.Qxd7 Rad8 17.Qc7 Rd3 18.h3 Rfd8 19.Rac1 Kg7 20.Rc4 Qd6 21.
Qxd6 R8xd6 22.g4 a5 23.Kg2 R6d5 24.Re4 Rc3 25.g5 Rc2 26.h4 Rxa2 27.h5 gxh5
28.Rh1 Nb4 29.Re8 Nc6 30.Rxh5 Rd8 31.Re4 Rh8 32.Rxh8 Kxh8 33.Rh4+ Kg7 34.
Rh6 Nb4 35.Ne5 Nd5 36.Kf3 Rb2 37.Rd6 Ne7 38.Rxb6 Nc8 39.Rc6 Ne7 1-0

[Event "4th Lost Boys op"]
[Site "Antwerp BEL"]
[Date "1996.08.06"]
[Round "5.7"]
[White "Van Riemsdijk, Herman Claudius"]
[Black "Ye Rongguang"]
[Result "0-1"]
[WhiteElo "2425"]
[BlackElo "2490"]
[EventDate "1996.08.02"]
[PlyCount "82"]

1.e4 e5 2.Nf3 Nc6 3.Bb5 a6 4.Ba4 d6 5.c3 Bd7 6.d4 Nge7 7.Be3 Ng6 8.h4 Be7 
9.g3 h6 10.d5 Nb8 11.Bc2 Bg4 12.Nbd2 c5 13.a4 b6 14.Nf1 Qc8 15.N1h2 Bd7 
16.Nd2 Ra7 17.Qe2 Rb7 18.O-O Nf8 19.f4 Bh3 20.Rf2 exf4 21.gxf4 g5 22.f5 g4
23.Bf4 f6 24.Qe3 Nfd7 25.Qg3 Rg8 26.Nc4 Ne5 27.Bxe5 dxe5 28.d6 Bf8 29.Rd2 
Nd7 30.Ne3 c4 31.h5 Rg5 32.Kf2 Qc6 33.Rad1 Kd8 34.Nf3 gxf3 35.Qxh3 Nc5 36.
Nd5 Rbg7 37.Kxf3 Nd3 38.Bxd3 cxd3 39.Nxf6 Rf7 40.Nd5 Rfxf5+ 41.Ke3 Rf7 0-1

[Event "4th Lost Boys op"]
[Site "Antwerp BEL"]
[Date "1996.08.06"]
[Round "5.8"]
[White "Blees, Albert"]
[Black "Miezis, Normunds"]
[Result "0-1"]
[WhiteElo "2415"]
[BlackElo "2530"]
[EventDate "1996.08.02"]
[PlyCount "48"]

1.d4 Nf6 2.c4 c5 3.d5 e6 4.Nc3 exd5 5.cxd5 Bd6 6.Nf3 Bc7 7.g4 Ba5 8.Qd3 
Qe7 9.Bd2 O-O 10.g5 Bxc3 11.Bxc3 Ne4 12.Be5 Nxg5 13.Nxg5 Qxg5 14.Bd6 Re8 
15.Bxc5 Na6 16.Bd6 b6 17.Qg3 Qf6 18.O-O-O Nc5 19.f3 Na4 20.Rd2 Ba6 21.Qf4 
Rac8+ 22.Kd1 Nxb2+ 23.Ke1 Rc1+ 24.Kf2 Nd1+ 0-1

[Event "4th Lost Boys op"]
[Site "Antwerp BEL"]
[Date "1996.08.06"]
[Round "5.9"]
[White "Van Mil, Johannes"]
[Black "Nijboer, Friso"]
[Result "0-1"]
[WhiteElo "2405"]
[BlackElo "2525"]
[EventDate "1996.08.02"]
[PlyCount "100"]

1.e4 c5 2.c3 Nf6 3.e5 Nd5 4.Nf3 Nc6 5.Bc4 Nb6 6.Bb3 d5 7.exd6 exd6 8.d4 
Bf5 9.O-O Be7 10.Na3 O-O 11.Be3 Bg4 12.h3 cxd4 13.Bxd4 Nxd4 14.hxg4 Nxb3 
15.axb3 Qd7 16.Nd4 Bf6 17.Nac2 a5 18.Qf3 a4 19.Ra3 d5 20.Nf5 g6 21.Nfe3 
Be7 22.b4 Rfd8 23.Rd1 Qe6 24.Raa1 Bg5 25.Rd4 Rd7 26.Rad1 Rad8 27.R4d3 Qe4 
28.Rd4 Qxf3 29.gxf3 Bf6 30.R4d3 Be5 31.Kf1 h6 32.Ke2 Kg7 33.Rb1 d4 34.cxd4
Bxd4 35.Nxd4 Rxd4 36.Rbd1 Rxd3 37.Rxd3 Re8 38.Kd2 Re5 39.Rd6 Rxe3 40.Rxb6 
Rxf3 41.Ke2 Rb3 42.Rxb7 Rxb2+ 43.Kf3 a3 44.b5 Rb3+ 45.Ke2 Rb4 46.Ra7 Rxg4 
47.Rxa3 Rb4 48.Ra5 h5 49.Kd3 h4 50.Kc3 Rb1 0-1

[Event "4th Lost Boys op"]
[Site "Antwerp BEL"]
[Date "1996.08.06"]
[Round "5.10"]
[White "Giddins, Stephen"]
[Black "Van der Sterren, Paul"]
[Result "0-1"]
[WhiteElo "2345"]
[BlackElo "2510"]
[EventDate "1996.08.02"]
[PlyCount "72"]

1.d4 Nf6 2.c4 e6 3.Nc3 d5 4.cxd5 exd5 5.Bg5 c6 6.e3 Be7 7.Qc2 Nbd7 8.Bd3 
O-O 9.Nge2 Re8 10.O-O Nf8 11.f3 h6 12.Bh4 Ne6 13.Rad1 b6 14.Kh1 Bb7 15.Bf2
c5 16.Bb5 Rf8 17.dxc5 bxc5 18.e4 d4 19.Bc4 Qc8 20.Nb5 a6 21.Na3 g6 22.Bg3 
Re8 23.Qb3 Bf8 24.Nf4 Kh7 25.Rfe1 Ra7 26.e5 Ng8 27.h4 Bc6 28.h5 Nxf4 29.
Bxf4 g5 30.Bxf7 gxf4 31.Bxg8+ Kh8 32.Bc4 Qf5 33.Qb6 Bxf3 34.Qf6+ Qxf6 35.
exf6 Rxe1+ 36.Rxe1 Bxh5 0-1

[Event "4th Lost Boys op"]
[Site "Antwerp BEL"]
[Date "1996.08.06"]
[Round "5.11"]
[White "Akesson, Ralf"]
[Black "Donk, Merlijn Silvester"]
[Result "1-0"]
[WhiteElo "2500"]
[BlackElo "2315"]
[EventDate "1996.08.02"]
[PlyCount "95"]

1.d4 Nf6 2.c4 e6 3.Nc3 Bb4 4.e3 c5 5.Bd3 Nc6 6.Ne2 d5 7.cxd5 Qxd5 8.O-O 
Qh5 9.Ne4 cxd4 10.Nxf6+ gxf6 11.exd4 Bd6 12.Bf4 Bxf4 13.Nxf4 Qxd1 14.Raxd1
Nxd4 15.Rfe1 Bd7 16.Bb1 Nc6 17.Nd5 O-O-O 18.Nxf6 h6 19.Re3 Ne7 20.Red3 Bb5
21.Rxd8+ Rxd8 22.Rxd8+ Kxd8 23.f4 Bc6 24.Ng4 h5 25.Ne5 Be8 26.Be4 Kc7 27.
Kf2 f6 28.Nd3 Bg6 29.Nc5 Bxe4 30.Nxe4 Nd5 31.Kf3 b6 32.f5 e5 33.Kg3 Kd7 
34.Kh4 Ke7 35.g3 Ne3 36.Kxh5 Nxf5 37.Kg6 Ne3 38.Nxf6 Nf1 39.h4 Nxg3 40.h5 
Nxh5 41.Nxh5 Ke6 42.Nf6 a5 43.Kg5 e4 44.Nxe4 Ke5 45.Nc3 Kd4 46.Kf5 Kd3 47.
a4 Kc2 48.Nd5 1-0